mysqli: Table './ulib62015/stat_globaluid' is marked as crashed and should be repaired
select id from stat_globaluid where statuid='20260517201802_294'
mysqli: Table './ulib62015/stat_globaluid' is marked as crashed and should be repaired
DELETE FROM stat_globaluid
WHERE id NOT IN (
SELECT id
FROM (
SELECT id
FROM stat_globaluid
ORDER BY id DESC
LIMIT 100
) foo
);
mysqli: Table './ulib62015/stat_globaluid' is marked as crashed and should be repaired
insert into stat_globaluid set
statuid='20260517201802_294',
dt='1779023882',
phpself='/ULIB62015/dublinfull.php',
agent='Mozilla/5.0 AppleWebKit/537.36 (KHTML, like Gecko; compatible; ClaudeBot/1.0; +claudebot@anthropic.com)',
yea='2026',
mon='5',
dat='17',
ip='216.73.216.45'
mysqli: Table './ulib62015/stathist_viewbib_bib_type' is marked as crashed and should be repaired
insert into stathist_viewbib_bib_type set
dat='17' ,
mon='05' ,
yea='2026' ,
statuid='20260517201802_294' ,
head='13399120019' ,
foot='marc' ,
dt='1779023882'
| LEADER : 00000nam 2200000uu 4500 |
| 001 13399120019 |
| 003 ULIB |
| 008 121018s||||||||th 000 0 tha d |
| 020 ^a9789749901588
|
| 050 4 ^aRM666.H33^bช486ช
|
| 100 0 ^aชาญชัย สาดแสงจันทร์
|
| 245 10 ^aชา :^bอายุยืน ตำรับชาสมุนไพร สูตรป้องกันโรคได้ /^cชาญชัย สาดแสงจันทร์ ; [บรรณาธิการ: โชติกานต์ เที่ยงธรรม]
|
| 250 ^aพิมพ์ครั้งที่ 1
|
| 260 ^aกรุงเทพฯ :^bบุ๊คส์ ทู ยู,^c2555
|
| 300 ^a251, [4] หน้า :^bภาพประกอบ
|
| 500 ^aชื่อเรื่องจากปกนอก
|
| 650 7 ^aชา^xการใช้รักษา
|
| 650 7 ^aชา
|
| 700 0 ^aโชติกานต์ เที่ยงธรรม,^eบรรณาธิการ
|
| 945 ^p170^l0^i017872
|
| 945 ^p0^l0^i017873
|
| 945 ^p0^l0^i017874 |
| 999 ^aยมมะณา จันทร์ฉิม
|
| คุณยังไม่ได้ล็อกอิน คุณสามารถมีกิจกรรมร่วมกับเว็บไซต์ได้ แต่ต้องล็อกอินก่อน :: |
|
|
|
รายการใกล้เคียง
หัวเรื่อง [ชา]
|
|
ยังไม่เคยถูกคอมเมนท์
|
| คอมเมนท์ทรัพยากรรายการนี้ |
|